Kalkulácia cieľových nákladov - strategický nástroj úspešného manažéra

Manažérske účtovníctvo a jeho strategická orientácia. Cieľová kalkulácia nákladov. Stanovenie cieľového zisku. Hodnotová analýza. Prípadová štúdia.

Salvato in:
Dettagli Bibliografici
Autore principale: Potkány, Marek
Natura: Capitolo di libro
Lingua:slovacco
Soggetti:
Tags: Aggiungi Tag
Nessun Tag, puoi essere il primo ad aggiungerne!!

MARC

LEADER 00000nla$a2200000$$$4500
001 0122474
005 20220321083613.4
041 0 |a slo 
044 |a CZ 
245 1 0 |a Kalkulácia cieľových nákladov - strategický nástroj úspešného manažéra  |c Marek Potkány 
520 |a Manažérske účtovníctvo a jeho strategická orientácia. Cieľová kalkulácia nákladov. Stanovenie cieľového zisku. Hodnotová analýza. Prípadová štúdia. 
610 2 0 |a náklady 
610 2 0 |a kalkulácia nákladov 
610 2 0 |a ceny trhové 
610 2 0 |a zisk 
610 2 0 |a analýza hodnotová 
610 2 0 |a účtovníctvo manažérske 
100 1 |a Potkány, Marek